The noble scholar, jurist, historian


 His Excellency Dr. Abdul Wahhab bin Ibrahim Abu Sulaiman, may Allah have mercy on him.


 He was born in Umm Al-Qura in the year 1356 AH.

المنهجية الإسلامية والعلوم السلوكية والتربوية : (Record no. 10167)

MARC details
000 -LEADER
fixed length control field 01612cam a22002771i 4500
003 - CONTROL NUMBER IDENTIFIER
control field SA-RiAUC
005 - DATE AND TIME OF LATEST TRANSACTION
control field 20250722060954.0
008 - FIXED-LENGTH DATA ELEMENTS--GENERAL INFORMATION
fixed length control field 250720s1990 xxu g i100 0 ara c
040 ## - CATALOGING SOURCE
Original cataloging agency SA-JeALM
Language of cataloging ara
Transcribing agency SA-RiAUC
Description conventions rda
082 04 - DEWEY DECIMAL CLASSIFICATION NUMBER
Classification number 189.1
090 ## - LOCALLY ASSIGNED LC-TYPE CALL NUMBER (OCLC); LOCAL CALL NUMBER (RLIN)
Classification number (OCLC) (R) ; Classification number, CALL (RLIN) (NR) 189.1
Local cutter number (OCLC) ; Book number/undivided call number, CALL (RLIN) م ؤ ت
111 2# - MAIN ENTRY--MEETING NAME
Meeting name or jurisdiction name as entry element المؤتمر العالمي للفكر الإسلامي
Number of part/section/meeting (4 :
Date of meeting or treaty signing 1987 :
Location of meeting الخرطوم)
245 12 - TITLE STATEMENT
Title المنهجية الإسلامية والعلوم السلوكية والتربوية :
Remainder of title بحوث ومناقشات المؤتمر العالمي الرابع للفكر الإسلامي /
Statement of responsibility, etc. تنظيم المعهد العالمي للفكر الإسلامي ؛ تحرير طه جابر العلواني [ومجموعة آخرون]
264 #1 - PRODUCTION, PUBLICATION, DISTRIBUTION, MANUFACTURE, AND COPYRIGHT NOTICE
Place of production, publication, distribution, manufacture [هيرندن، الولايات المتحدة الأمريكية] :
Name of producer, publisher, distributor, manufacturer المعهد العالمي للفكر الإسلامي،
Date of production, publication, distribution, manufacture, or copyright notice 1990
300 ## - PHYSICAL DESCRIPTION
Extent مجلد :
Dimensions 24 سم.
336 ## - CONTENT TYPE
Content type term نص
Content type code txt
Source rdacontent
Materials specified كتاب
337 ## - MEDIA TYPE
Media type term بدون وسيط
Media type code n
Source rdamedia
338 ## - CARRIER TYPE
Carrier type term مجلد
Carrier type code nc
Source rdacarrier
490 0# - SERIES STATEMENT
Series statement سلسلة المنهجية الإسلامية / المعهد العالمي للفكر الإسلامي (هيرندن، الولايات المتحدة الأمريكية)
650 #7 - SUBJECT ADDED ENTRY--TOPICAL TERM
Topical term or geographic name entry element الفلسفة الإسلامية
Form subdivision مؤتمرات
Source of heading or term aucsh
650 #7 - SUBJECT ADDED ENTRY--TOPICAL TERM
Topical term or geographic name entry element التربية الإسلامية
Form subdivision مؤتمرات
Source of heading or term aucsh
700 1# - ADDED ENTRY--PERSONAL NAME
Personal name العلواني، طه جابر فياض،
Dates associated with a name 1935-2016
Relator term محرر.
710 2# - ADDED ENTRY--CORPORATE NAME
Corporate name or jurisdiction name as entry element المعهد العالمي للفكر الإسلامي
Relator term منظم.
942 ## - ADDED ENTRY ELEMENTS (KOHA)
Source of classification or shelving scheme Dewey Decimal Classification
Koha item type Books
Suppress in OPAC No
949 ## - LOCAL PROCESSING INFORMATION (OCLC)
a SA-JeALM
d 250720
u osman123
n 1
Holdings
Withdrawn status Lost status Source of classification or shelving scheme Materials specified (bound volume or other part) Damaged status Not for loan Home library Current library Date acquired Total checkouts Full call number Barcode Date last seen Price effective from Koha item type
    Dewey Decimal Classification الجزء الاول     DR AbdElwahab Library DR AbdElwahab Library 07/22/2025   189.1 م ؤ ت 000016513 07/22/2025 07/22/2025 Books